LIBRARY ONLINE CATALOGUE

Christianity in crisis : (Record no. 19895)

MARC details
000 -LEADER
fixed length control field 01044cam a2200289 a 4500
001 - CONTROL NUMBER
control field 22431834
003 - CONTROL NUMBER IDENTIFIER
control field OSt
005 - DATE AND TIME OF LATEST TRANSACTION
control field 20230202111930.0
006 - FIXED-LENGTH DATA ELEMENTS--ADDITIONAL MATERIAL CHARACTERISTICS
fixed length control field m |o d |
007 - PHYSICAL DESCRIPTION FIXED FIELD--GENERAL INFORMATION
fixed length control field cr |||||||||||
008 - FIXED-LENGTH DATA ELEMENTS--GENERAL INFORMATION
fixed length control field 081119s2009 tnu ob 001 0 eng
010 ## - LIBRARY OF CONGRESS CONTROL NUMBER
LC control number 2021699103
020 ## - INTERNATIONAL STANDARD BOOK NUMBER
Canceled/invalid ISBN 0849964596
040 ## - CATALOGING SOURCE
Original cataloging agency DLC
Language of cataloging eng
Description conventions pn
Transcribing agency DLC
050 00 - LIBRARY OF CONGRESS CALL NUMBER
Classification number BR1643.5
Item number .H37
100 1# - MAIN ENTRY--PERSONAL NAME
Personal name Hanegraaff, Hank.
245 10 - TITLE STATEMENT
Title Christianity in crisis :
Remainder of title the 21st century /
Statement of responsibility, etc. Hank Hanegraaff.
260 ## - PUBLICATION, DISTRIBUTION, ETC. (IMPRINT)
Place of publication, distribution, etc. Nashville, Tenn. :
Name of publisher, distributor, etc. Thomas Nelson,
Date of publication, distribution, etc. 2009.
300 ## - PHYSICAL DESCRIPTION
Extent xx, 427p.
504 ## - BIBLIOGRAPHY, ETC. NOTE
Bibliography, etc Includes bibliographical references (p. 356-427) and indexes.
588 ## - SOURCE OF DESCRIPTION NOTE
Source of description note Description based on print version record and CIP data provided by publisher; resource not viewed.
650 #0 - SUBJECT ADDED ENTRY--TOPICAL TERM
Topical term or geographic name as entry element Faith movement (Hagin)
776 08 - ADDITIONAL PHYSICAL FORM ENTRY
Relationship information Print version:
Title Christianity in crisis
Place, publisher, and date of publication Nashville, Tenn. : Thomas Nelson, c2009.
International Standard Book Number 9780849900068 (hardcover)
Record control number (DLC) 2008050180
906 ## - LOCAL DATA ELEMENT F, LDF (RLIN)
a 7
b cbc
c origcop
d 1
e ecip
f 20
g y-gencatlg
942 ## - ADDED ENTRY ELEMENTS (KOHA)
Source of classification or shelving scheme Library of Congress Classification
Koha item type General Collection
Holdings
Withdrawn status Lost status Source of classification or shelving scheme Not for loan Home library Current library Date acquired Cost, normal purchase price Total Checkouts Full call number Barcode Date last seen Date last checked out Price effective from Koha item type
    Library of Congress Classification   Kabarak, Main Campus Kabarak, Main Campus 02/02/2023 3429.00 1 BR1643.5 .H37 2009 c.1 34945 02/12/2024 15/11/2024 02/02/2023 General Collection
    Library of Congress Classification   Kabarak, Main Campus Kabarak, Main Campus 06/02/2023 3429.00   BR1643.5 .H37 2009 c.2 34782 02/08/2024   06/02/2023 General Collection